Statistics for #1 Hip-Hop/R&B Songs of the 2000's

Click here to take the quiz!

General Stats

  • This quiz has been taken 148 times
  • The average score is 57 of 119

Answer Stats

YearWeeksSongArtist% Correct
2003721 Questions50 Cent
97%
20054Candy Shop50 Cent
97%
20039In Da Club50 Cent
97%
20013I Just Wanna Love U (Give It 2 Me)Jay-Z
95%
20093Empire State of MindJay-Z
95%
20031Excuse Me MissJay-Z
95%
20054Gold DiggerKanye West
95%
20035Baby BoyBeyonce
93%
20033Crazy in LoveBeyonce
93%
2006/20079IrreplaceableBeyonce
93%
20062Deja VuBeyonce
93%
2008/200912Single Ladies (Put a Ring on It)Beyonce
93%
20048Yeah!Usher
90%
20044BurnUsher
90%
20017U Got It BadUsher
90%
20043My BooUsher
90%
20042Confessions Part IIUsher
90%
20014U Remind MeUsher
90%
20092PapersUsher
90%
20084Love in This ClubUsher
90%
20086LollipopLil Wayne
85%
20081A MilliLil Wayne
85%
20026Hot in HerreNelly
84%
20029DilemmaNelly
84%
20012Ms. JacksonOutkast
82%
20047Drop It Like It's HotSnoop Dogg
81%
20014Fallin'Alicia Keys
74%
20087Like You'll Never See Me AgainAlicia Keys
74%
2003/20049You Don't Know My NameAlicia Keys
74%
200710No OneAlicia Keys
74%
20046If I Ain't Got YouAlicia Keys
74%
20081Take a BowRihanna
73%
2000/20013Independent Women Part IDestiny's Child
70%
20003Say My NameDestiny's Child
70%
20066Say GoodbyeChris Brown
67%
20052Run It!Chris Brown
67%
20083Whatever You LikeT.I.
65%
20066What You KnowT.I.
65%
20083Miss IndependentNe-Yo
64%
200511Let Me Love YouNe-Yo
64%
20097Best I Ever HadDrake
63%
20078Buy U a Drank (Shawty Snappin')T-Pain
63%
20052Don't Forget About UsMariah Carey
61%
200514We Belong TogetherMariah Carey
61%
20001Thank God I Found YouMariah Carey
61%
20012LoverboyMariah Carey
61%
200615Be Without YouMary J. Blige
57%
20012Family AffairMary J. Blige
57%
20032Step in the Name of LoveR. Kelly
54%
20002I WishR. Kelly
54%
20015FiestaR. Kelly
54%
200210FoolishAshanti
53%
20006Hot BoyzMissy Elliott
51%
20025Work ItMissy Elliott
51%
200914Blame ItJamie Foxx
49%
20072PromiseCiara
48%
20046GoodiesCiara
48%
20003Maria MariaSantana
46%
20028Always on TimeJa Rule
43%
20052Hate It or Love ItThe Game
43%
20061Snap Yo FingersLil Jon
41%
20061Money MakerLudacris
41%
20035Stand UpLudacris
41%
20031Get BusySean Paul
40%
20042Slow JamzTwista
40%
20092Birthday SexJeremih
38%
2009/20102I Invented SexTrey Songz
38%
20047Lean BackTerror Squad
33%
20001Bounce with MeLil Bow Wow
29%
20003Let's Get MarriedJagged Edge
28%
20012PromiseJagged Edge
28%
20013Where the Party AtJagged Edge
28%
20012All for YouJanet Jackson
28%
20062Call On MeJanet Jackson
28%
20036Frontin'Pharrell Williams
28%
20033Miss YouAaliyah
27%
20052Like YouBow Wow
27%
20061Me & UCassie
27%
200511 ThingAmerie
26%
20092Knock You DownKeri Hilson
25%
20068It's Goin' DownYung Joc
25%
20035So GoneMonica
24%
20062Pullin' Me BackChingy
23%
20014DifferencesGinuwine
23%
20004He Wasn't Man EnoughToni Braxton
23%
20054Soul SurvivorYoung Jeezy
22%
20025Oh BoyCam'ron
21%
20082SpotlightJennifer Hudson
21%
20054Slow DownBobby Valentino
20%
1999/20008U Know What's UpDonell Jones
19%
2002/20034Love of My Life (An Ode to Hip Hop)Erykah Badu
19%
20007Bag LadyErykah Badu
19%
20078When I See UFantasia
19%
20071YouLloyd
19%
20011Danger (Been So Long)Mystikal
19%
20004IncompleteSisqo
19%
20001IncompleteSisqo
19%
20075BedJ. Holiday
18%
20089Heaven SentKeyshia Cole
18%
20087I RememberKeyshia Cole
18%
20073Let It GoKeyshia Cole
18%
20001WifeyNext
18%
200711Lost Without URobin Thicke
18%
20023Oops (Oh My)Tweet
18%
20015StutterJoe
17%
200914Pretty WingsMaxwell
17%
20003Get It On ToniteMontell Jordan
17%
20024Luv U BetterLL Cool J
16%
20012It's Over Now112
13%
20003SeparatedAvant
13%
20053I Think They Like MeDem Franchise Boyz
12%
20063Shoulder LeanYoung Dro
12%
20084Need U BadJazmine Sullivan
11%
20006I WishCarl Thomas
10%
20021Lights, Camera, Action!Mr. Cheeks
10%
20014Missing YouCase
8%
20011My BabyLil' Romeo
5%
20001No MoreRuff Endz
5%
20001LiarProfyle
3%

Score Distribution

Percentile by Number Answered

Percent of People with Each Score

Your Score History

You have not taken this quiz